00640nam a2200193 a 45000010008000000080041000080100013000490200015000620500016000771000021000932450086001142500012002002600050002123000026002624900057002885000051003456500026003967000024004224963359161028s1998 ||||||||||||||||| || u a97030382 a0132622882 aHF 5635 Kap aKaplan, Robert S10aAdvanced management accounting. (3rd ed.)cRobert S. Kaplan, Anthony A. Atkinson. a3rd ed. aUpper Saddle River, N.J.bPrentice Hallc1998 axviii, 798 p. : ill.  aThe Robert S. Kaplan series in management accounting aIncludes bibliographical references and index. 0aMANAGERIAL ACCOUNTING aAtkinson, Anthony A